| 000 | 00375 a2200157 4500 | ||
|---|---|---|---|
| 001 | 86145 | ||
| 020 | _a9780071267694 | ||
| 082 | _a536.2 HOL | ||
| 090 |
_c40430 _d40430 |
||
| 100 | _aJack .P. Holman | ||
| 245 |
_aHeat Transfer, 10th ed _hEnglish |
||
| 250 | _a10th | ||
| 260 |
_aBoston _bMcGraw Hill _c2010 |
||
| 300 | _axxii, 725p. | ||
| 500 | _aAerospace Textbook | ||
| 942 |
_aCAE-NUST _cAE _k536.2 HOL |
||
| 999 |
_c321218 _d321218 |
||